Stiquito for Beginners : An Introduction to Robotics /

Contenido: Introducción a la robótica y a Stiquito; Habilidades de ingeniería y el proceso del diseño; Fundamentos de electricidad; Fundamentos de Nitinol (memoria de forma); Stiquito: un simple robot hexápodo pequeño y económico; Regulador manual para el robot Stiquito; Controlador con PC del robot...

Deskribapen osoa

Gorde:
Xehetasun bibliografikoak
Egile nagusia: Conrad, James M. (autor)
Beste egile batzuk: Mills, Jonathan W. (autor) (autor)
Formatua: Liburua
Hizkuntza:ingelesa
Argitaratua: Los Alamitos, EUA : IEEE Computer Society, 1999, c1999
Gaiak:
Etiketak: Etiketa erantsi
Etiketarik gabe, Izan zaitez lehena erregistro honi etiketa jartzen!

MARC

LEADER 00000nam^a2200000^a^4500
001 000146423
005 20250521000000.0
009 20260310095911.573
020 |a 0-8186-7514-4 
037 |a Acervo ITESO - Biblioteca 
041 |a ING 
082 |a 629. 892  |b CON 
100 |a Conrad, James M.  |e (autor) 
245 1 0 |a Stiquito for Beginners :  |b An Introduction to Robotics /  |c J.M. Conrad, J.W. Mills. 
264 4 |a Los Alamitos, EUA :  |b IEEE Computer Society,  |c 1999, c1999 
300 |a 177 p. +  |e 1 dispositivo electrónico 
336 |a texto  |b txt  |2 rdacontenido 
337 |a sin mediación  |b n  |2 rdamedio 
338 |a volumen  |b nc  |2 rdasoporte 
520 |a Contenido: Introducción a la robótica y a Stiquito; Habilidades de ingeniería y el proceso del diseño; Fundamentos de electricidad; Fundamentos de Nitinol (memoria de forma); Stiquito: un simple robot hexápodo pequeño y económico; Regulador manual para el robot Stiquito; Controlador con PC del robot Stiquito; Circuito simple para hacer la caminata independiente de Stiquito; El futuro de Stiquito y de los robots móviles. 
649 |a XX 
650 |a Robótica en la Educación 
650 |a Actuadores (Electrónica) 
650 |a Circuitos Electrónicos 
650 |a Electrónica -  |x Equipo y Aparatos 
650 |a Desarrollo de Sistemas 
650 |a Sistemas Computacionales 
650 |a Diseño Industrial 
650 |a Robótica 
650 |a Control Automático 
650 |a Ingeniería Electrónica 
650 |a Ingeniería Computacional 
700 |a Mills, Jonathan W.  |e (autor) 
910 |a Fondo General 
920 |a Impresos - Libros 
930 |a Colección General 
905 |a 101 
901 |a 0500075943  |b IT1  |c ACC  |u 20250521 
901 |a 0500076320  |b IT2  |c FOL  |u 20250521 
902 |a https://opac.biblio.iteso.mx/vufind/Record/000146423